How Fort Worth became the Texasmost city, 1849-1920 /

Bibliographic Details
Main Author: Sanders, Leonard
Other Authors: Tyler, Ronnie C., 1941-
Format: Book
Language:English
Published: Fort Worth : Texas Christian University Press, [1986]
Subjects:

MARC

Tag First Indicator Second Indicator Subfields
LEADER 00000cam a2200000 a 4500
001 in00000014304
005 20151007052202.0
008 850708s1986 txuac b 00110 eng
010 |a  85014843  
020 |a 0875650562 
020 |a 0875650570 (pbk.) 
035 |a (OCoLC)12313401 
035 |9 AAA6669AM 
040 |a DLC  |c DLC  |d m/c  |d TXA  |d UtOrBLW 
043 |a n-us-tx 
049 |a TXAM  |c [A11483894] 
050 0 0 |a F394.F7  |b S26 1986 
082 0 |a 976.4/5315  |2 19 
100 1 |a Sanders, Leonard. 
245 1 0 |a How Fort Worth became the Texasmost city, 1849-1920 /  |c text by Leonard Sanders ; captions by Ron Tyler. 
264 1 |a Fort Worth :  |b Texas Christian University Press,  |c [1986] 
264 4 |c ©1986 
300 |a xii, 201 pages :  |b illustrations, portraits ;  |c 23 x 26 cm. 
336 |a text  |b txt  |2 rdacontent 
337 |a unmediated  |b n  |2 rdamedia 
338 |a volume  |b nc  |2 rdacarrier 
504 |a Bibliography: pages 191-194. 
500 |a Includes index. 
651 0 |a Fort Worth (Tex.)  |x History. 
700 1 |a Tyler, Ronnie C.,  |d 1941- 
999 |a MARS 
999 f f |s 04d5ca8a-fc5a-3bcb-99ce-4c612023e55d  |i 6753c3e6-f9a4-3d14-80f7-c09798c35f85  |t 0 
952 f f |p ric  |a Texas A&M University  |b Rellis Campus  |c Joint Library Facility  |d Remote Storage  |t 0  |e F394.F7 S26 1986  |h Library of Congress classification  |i unmediated -- volume  |m A14811483894 
952 f f |p noncirc  |a Texas A&M University  |b College Station  |c Cushing Memorial Library & Archives  |d Cushing: Kelsey Americana (Does not check out)  |t 0  |e F394.F7 S26 1986  |h Library of Congress classification  |i unmediated -- volume 
998 f f |a F394.F7 S26 1986  |t 0  |l Remote Storage 
998 f f |a F394.F7 S26 1986  |t 0  |l Cushing: Kelsey Americana (Does not check out)